Přehled polygrafie

Bibliographic Details
Main Author: Šalda, Jaroslav, 1912-1989 (Author)
Other Authors: Svoboda, Ladislav
Format: Book
Language:Undetermined
PhysicalDescription:459,[4] s.
Published: Praha Státní pedagogické nakladatelství 1981

MARC

LEADER 00000nam a2200000 a 4500
001 vtls001333761
003 SK-MaSNL
005 20260301065940.0
008 240314s1981 xx 0 und
035 |a SNK000286686 
040 |a SNK  |b slo  |c SNK  |e AACR2 
100 1 |a Šalda, Jaroslav,  |d 1912-1989  |4 aut  |9 241412 
245 1 0 |a Přehled polygrafie 
260 |a Praha  |b Státní pedagogické nakladatelství  |c 1981 
300 |a 459,[4] s. 
700 1 |a Svoboda, Ladislav  |9 309349 
958 |a OND 
999 |c 632575  |d 634505 
952 |t P60, <04>, [BOOK], {604}  |a SNK  |b SNK  |y VYP  |7 0  |p 17A0143441  |o snkIC 84504 D1  |0 0  |1 1  |4 0  |d 1998-06-09  |l 0  |r 2005-01-02 00:00:00  |w 2026-02-23 
952 |t P60, <04>, [BOOK]  |a SNK  |b SNK  |y VYP  |7 0  |p 17A0383604  |o snkIC 84504  |i snkKIP 5102/81  |0 0  |1 0  |4 0  |d 2003-05-19  |l 0  |r 2005-01-02 00:00:00  |w 2026-02-23